"Anexos" Proyecto de expansión y modernización del sistema de almacenamiento y conservación de granos básicos /
Este documento contiene un total de ocho anexos al "Proyecto de expansión y modernización del sistema de almacenamiento y conservación de granos básicos", referidos a: 1-. Ampliación sobre aspectos generales del solicitante (Banco Central de Costa Rica -BCCR-) 2-. estudio comparativo de al...
Guardado en:
| 企业作者: | |
|---|---|
| 格式: | Texto |
| 语言: | Spanish |
| 出版: |
San José:
El Consejo
|
| 主题: | |
| 标签: |
添加标签
没有标签, 成为第一个标记此记录!
|
MARC
| LEADER | 00000 a a2200000 04500 | ||
|---|---|---|---|
| 001 | 13233 | ||
| 003 | cru CIDCACS/IIS | ||
| 005 | 20240814144333.0 | ||
| 008 | 240814b1981 cr ||||| |||| 00| 0 spa d | ||
| 020 | |a [Sin ISBN] | ||
| 040 | |a cru CIDCACS/IIS |b spa |c cru CIDCACS/IIS | ||
| 090 | |a 01.01.06 C755a | ||
| 110 | |a Consejo Nacional de Producción | ||
| 245 | |a "Anexos" |b Proyecto de expansión y modernización del sistema de almacenamiento y conservación de granos básicos / |c Consejo Nacional de Producción |h [impreso] | ||
| 260 | |a San José: |b El Consejo | ||
| 300 | |a 97 páginas | ||
| 520 | |a Este documento contiene un total de ocho anexos al "Proyecto de expansión y modernización del sistema de almacenamiento y conservación de granos básicos", referidos a: 1-. Ampliación sobre aspectos generales del solicitante (Banco Central de Costa Rica -BCCR-) 2-. estudio comparativo de alternativas para el diseño de la planta de Caldera 3-. descripción de aspectos técnicos y de operación de cada sub-proyecto: 4-. descripción del proceso y compatibilidad del equipo a instalar 5-. selección de las agencias de compra que participan en el proyecto 6-. costo detallado de las obras de cada sub-proyecto 7-. Aspectos financieros del organismo ejecutor del proyecto (Consejo Nacional de Producción) y, 8-. Aspectos financieros del solicitante (BCCR). EML-EB/mb | ||
| 650 | |a PROYECTOS DE DESARROLLO | ||
| 650 | |a BANCOS CENTRALES | ||
| 650 | |a ORGANIZACION DE LA EMPRESA | ||
| 650 | |a ANALISIS COMPARATIVO | ||
| 650 | |a DISEÑO DE PROYECTOS | ||
| 650 | |a EQUIPO AGRICOLA | ||
| 650 | |a BANCO CENTRAL DE COSTA RICA | ||
| 650 | |a SILOS | ||
| 650 | |a COSTOS DE CAPITAL | ||
| 650 | |a COMPRA | ||
| 650 | |a CONSEJO NACIONAL DE PRODUCCION, CR | ||
| 650 | |a INVERSIONES INDUSTRIALES | ||
| 650 | |a BALANZA DE PAGOS | ||
| 650 | |a ACTIVOS FIJOS | ||
| 650 | |a SILOS | ||
| 942 | |2 z |c LI |h 01.01.06 C755a |i 09509 |k 01.01.06 |m C755a |6 010106_C755A_09509 | ||
| 999 | |c 13214 |d 13214 | ||
